[Event "AUTO-INT-959"]
[Site "http://www.queenalice.com/game.php?id=430462"]
[Date "2008.7.9"]
[Round "1"]
[White "neves"]
[Black "mesmo"]
[Result "1-0"]
[WhiteElo "1659"]
[BlackElo "1508"]

1. d4 d5 2. f4 e6 3. e3 Nf6 4. c4 Ne4 5. cxd5 Qxd5 6. b3 Bd7 7. Bc4 Qa5+ 8. Bd2
Nxd2 9. Nxd2 Qc3 10. Ke2 Ba3 11. Ngf3 b5 12. Bd3 e5 13. Nxe5 Bc8 14. Bxb5+ c6
15. Bc4 O-O 16. Ne4 Qb4 17. Ng5 h6 18. Ngxf7 Nd7 19. Nd8+ Kh7 20. Qd3+ g6 21.
Qxg6+ Kh8 22. Ndf7+ Rxf7 23. Qxh6+ Rh7 24. Nf7+ Kg8 25. Ng5+ Qxc4+ 26. bxc4 Rxh6
27. Rab1 c5 28. d5 Ba6 29. Kd3 Nf6 30. h4 Ng4 31. Rb3 Nf2+ 32. Ke2 Nxh1 33. Rxa3
Bxc4+ 34. Kd2 Bxd5 35. g3 Nxg3 36. e4 1-0

[Event "AUTO-INT-959"]
[Site "http://www.queenalice.com/game.php?id=430463"]
[Date "2008.7.9"]
[Round "1"]
[White "mesmo"]
[Black "neves"]
[Result "0-1"]
[WhiteElo "1485"]
[BlackElo "1562"]

1. d4 d5 2. Nf3 e6 3. Bf4 Bd6 4. e3 Bxf4 5. exf4 f5 6. Nc3 a5 7. Qe2 Nf6 8. Qe5
Nc6 9. Bb5 Bd7 10. Ba4 Nxe5 11. fxe5 Bxa4 12. Nxa4 b5 13. Nc5 Ne4 14. Nxe6 Qd7
15. Nf4 g5 16. e6 Qd6 17. Ne5 gxf4 18. Nf7 Qb4+ 19. c3 Qxb2 20. O-O Rf8 21. f3
Nd6 22. Rfb1 Qxc3 23. Re1 Qxd4+ 24. Kh1 Nxf7 25. Rad1 Qc4 26. Rc1 Qb4 27. h4 Nd6
28. Re5 Qd2 29. Rc5 Rg8 30. Rexd5 Qxg2# 0-1

[Event "AUTO-INT-959"]
[Site "http://www.queenalice.com/game.php?id=430478"]
[Date "2008.7.9"]
[Round "1"]
[White "bielcacau"]
[Black "mesmo"]
[Result "1-0"]
[WhiteElo "1815"]
[BlackElo "1533"]

1. e4 c5 2. Bc4 d6 3. Nf3 e5 4. d3 Bg4 5. Nc3 Nc6 6. h3 Qf6 7. hxg4 Be7 8. Nd5
Qg6 9. Nc7+ Kd7 10. Nxa8 Nf6 11. g5 Ng4 12. Nh4 Qh5 13. f3 1-0

[Event "AUTO-INT-959"]
[Site "http://www.queenalice.com/game.php?id=430490"]
[Date "2008.7.9"]
[Round "1"]
[White "mesmo"]
[Black "brrapha"]
[Result "1-0"]
[WhiteElo "1466"]
[BlackElo "1455"]

1. e4 d5 2. exd5 Qxd5 3. Nc3 Qe5+ 4. Be2 Bg4 5. Nf3 Qe6 6. Nd4 Qe5 7. O-O Qxd4
8. Bxg4 h5 9. Bh3 Nf6 10. Nb5 Qc5 11. Qe2 Nd5 12. d4 Qb6 13. c4 a6 14. cxd5 axb5
15. Qe4 c6 16. dxc6 Nxc6 17. Be3 Qa6 18. Rfe1 g6 19. a3 f5 20. Qe6 Nd8 21. Qa2
Bh6 22. b4 f4 23. Bd2 Nc6 24. Re4 g5 25. Bf5 Nd8 26. Qd5 Qc6 27. Qe5 Bf8 28. Rc1
Qa6 29. Qxh8 Nf7 30. Qh7 h4 31. Re6 Qa7 32. Bg6 Qxd4 33. Qxf7+ Kd7 34. Bc3 Qd3
35. Bxd3 1-0

[Event "AUTO-OPEN-1190"]
[Site "http://www.queenalice.com/game.php?id=430510"]
[Date "2008.7.9"]
[Round "1"]
[White "Dougtzu"]
[Black "mesmo"]
[Result "1-0"]
[WhiteElo "1914"]
[BlackElo "1494"]

1. d4 d5 2. c4 dxc4 3. Nc3 Bf5 4. e4 Bg6 5. Bxc4 e5 6. Nf3 exd4 7. Qxd4 Qxd4 8.
Nxd4 Bb4 9. Nb5 Ba5 10. O-O c6 11. Nd6+ Kd7 12. Nxf7 Bxf7 13. Bxf7 Nh6 14. Bxh6
gxh6 15. Ne2 Na6 16. e5 Rhf8 17. e6+ Ke7 18. Rfd1 Nc5 19. Nd4 Rxf7 20. exf7 Kxf7
21. g3 Rg8 22. Nf5 Rg6 23. a3 Rf6 24. Nxh6+ Rxh6 25. b4 Ne4 26. bxa5 Nd6 27.
Rab1 b5 28. axb6 axb6 29. Rxb6 Nc4 30. Ra6 Re6 31. Rd7+ Kg6 32. Raa7 Kg5 33.
Rxh7 Kg4 34. Raf7 Nd6 35. f3+ Kg5 36. h4+ Kg6 37. Rfg7+ Kf5 38. Rh5+ Kf6 39.
Rh6+ Ke5 40. Rg5+ Nf5 41. f4+ 1-0

[Event "AUTO-OPEN-1190"]
[Site "http://www.queenalice.com/game.php?id=430511"]
[Date "2008.7.9"]
[Round "1"]
[White "mesmo"]
[Black "Dougtzu"]
[Result "0-1"]
[WhiteElo "1498"]
[BlackElo "1917"]

1. e4 c5 2. Bc4 d6 3. d4 cxd4 4. Qxd4 Nc6 5. Qd5 e6 6. Qd3 Ne5 7. Bb5+ Bd7 8.
Qf1 Qa5+ 9. Nc3 Nf6 10. Bd2 Nxe4 11. Bxd7+ Nxd7 12. Nxe4 Qa4 13. Qd3 Rc8 14. b3
Qc6 15. Ne2 Qxc2 16. Qxc2 Rxc2 17. Bg5 d5 18. Nd4 Rc8 19. Nd2 g6 20. O-O Bg7 21.
Rac1 O-O 22. Nb5 a6 23. Na7 Rxc1 24. Rxc1 Ra8 25. Nc8 Ne5 26. Rc7 Nc6 27. Ne7+
Nxe7 28. Bxe7 Be5 29. Rxb7 Rc8 30. Nf1 Rc2 31. a4 Rc1 32. b4 d4 33. Bg5 Ra1 34.
Bh6 Rxa4 35. Re7 f6 36. Rxe6 Rxb4 37. Rxa6 Rb1 38. g4 g5 39. Ra8+ Kf7 40. Ra7+
Kg6 41. Bf8 f5 42. Ra6+ Kf7 43. Ra5 Bxh2+ 44. Kxh2 Rxf1 45. Bc5 Rxf2+ 46. Kg3
Rd2 47. gxf5 h5 48. Ra7+ Kf6 49. Bb4 Rd3+ 0-1

[Event "AUTO-OPEN-1190"]
[Site "http://www.queenalice.com/game.php?id=430538"]
[Date "2008.7.9"]
[Round "1"]
[White "mesmo"]
[Black "markus765432"]
[Result "0-1"]
[WhiteElo "1472"]
[BlackElo "2169"]

1. d4 Nf6 2. Nc3 d5 3. Bf4 c6 4. e3 g6 5. Nf3 Nbd7 6. Bd3 Bg7 7. e4 dxe4 8. Nxe4
O-O 9. c3 Re8 10. Qb3 Nd5 11. Bg3 f5 12. Neg5 e5 13. Bc4 exd4+ 14. Be2 dxc3 15.
bxc3 Bxc3+ 16. Kf1 Bxa1 17. Bd6 Nf6 18. Ba3 Qb6 19. Qc2 Ng4 20. Bc4 h6 21. h3
Ne5 22. Ke2 Nxc4+ 23. Kd1 Nxa3 24. Qb3 Qxb3+ 25. axb3 hxg5 26. Nxg5 Bf6 27. h4
Bxg5 28. hxg5 Bd7 29. Rh6 Kg7 0-1

[Event "AUTO-OPEN-1190"]
[Site "http://www.queenalice.com/game.php?id=430539"]
[Date "2008.7.9"]
[Round "1"]
[White "markus765432"]
[Black "mesmo"]
[Result "1-0"]
[WhiteElo "2158"]
[BlackElo "1489"]

1. d4 d5 2. c4 Nf6 3. cxd5 e6 4. dxe6 fxe6 5. e3 Ne4 6. Bd3 Qd5 7. Nf3 Bb4+ 8.
Bd2 Bxd2+ 9. Nbxd2 Ng5 10. O-O Nd7 11. Nxg5 e5 12. Qh5+ g6 13. Bxg6+ Kf8 14. Be4
Nf6 15. Qf3 1-0

[Event "AUTO-OPEN-1190"]
[Site "http://www.queenalice.com/game.php?id=430540"]
[Date "2008.7.9"]
[Round "1"]
[White "mesmo"]
[Black "ayrton"]
[Result "0-1"]
[WhiteElo "1470"]
[BlackElo "1903"]

1. d4 d5 2. Nc3 e6 3. Bf4 Bb4 4. Qd2 Ne7 5. e3 O-O 6. Bd3 a6 7. Qd1 Qe8 8. Bxc7
Qc6 9. Be5 Bxc3+ 10. bxc3 Qxc3+ 11. Ke2 Nbc6 12. Rb1 Nxe5 13. Rb3 Qc7 14. Nh3
Nxd3 15. Qxd3 b6 16. Ng5 g6 17. e4 Bb7 18. h4 dxe4 19. Qc3 Qxc3 20. Rxc3 Rac8
21. Rhh3 h6 22. Nxe4 Bxe4 23. Kd2 Rxc3 24. Rxc3 Bxg2 25. Rc7 Nf5 26. a4 a5 27.
Rc4 Nxh4 28. Rc3 h5 29. Rb3 Rb8 30. c4 Bc6 31. Rh3 Nf5 0-1

[Event "AUTO-OPEN-1190"]
[Site "http://www.queenalice.com/game.php?id=430541"]
[Date "2008.7.9"]
[Round "1"]
[White "ayrton"]
[Black "mesmo"]
[Result "1-0"]
[WhiteElo "1901"]
[BlackElo "1487"]

1. e4 Nc6 2. Nf3 e5 3. c3 Bc5 4. Bb5 Nf6 5. d3 Ng4 6. O-O Qf6 7. Bg5 Qg6 8. h3
h5 9. Bh4 Nh6 10. Bxc6 Qxc6 11. Nxe5 Qb6 12. b4 Bd6 13. Qxh5 g6 14. Qg5 Be7 15.
Qxe7# 1-0

[Event "Challenge"]
[Site "http://www.queenalice.com/game.php?id=446427"]
[Date "2008.8.9"]
[Round "-"]
[White "pgierech"]
[Black "mesmo"]
[Result "1-0"]
[WhiteElo "1729"]
[BlackElo "1470"]

1. f4 Nf6 2. Nf3 d5 3. e3 Bg4 4. Be2 e6 5. O-O Bc5 6. Nc3 O-O 7. h3 Bxf3 8. Bxf3
Na6 9. d4 Bb4 10. a3 Bxc3 11. bxc3 c5 12. a4 Qd6 13. Ba3 Rab8 14. Qe2 cxd4 15.
Bxd6 1-0

[Event "AUTO-BEG-164"]
[Site "http://www.queenalice.com/game.php?id=463875"]
[Date "2008.9.16"]
[Round "2"]
[White "arvo1938"]
[Black "mesmo"]
[Result "1-0"]
[WhiteElo "1903"]
[BlackElo "1506"]

1. e4 e5 2. f4 Nc6 3. Nf3 d6 4. fxe5 dxe5 5. Bb5 Qf6 6. O-O Bc5+ 7. d4 Bxd4+ 8.
Nxd4 Qd6 9. Nf5 Qxd1 10. Bxc6+ bxc6 11. Rxd1 Bxf5 12. exf5 Nf6 13. c4 O-O 14.
Nc3 Rad8 15. Be3 Rb8 16. b3 a5 17. Bc5 Rfd8 18. Be7 Rd7 19. Bxf6 Rxd1+ 20. Rxd1
gxf6 21. Rd7 Rb7 22. Ne4 Kg7 23. Nc5 Ra7 24. Ne6+ Kh6 25. Rxf7 a4 26. Rxf6+ Kh5
27. Ng7+ Kg4 28. Rxc6 Kf4 29. b4 Ke3 30. f6 Ra8 31. Rxc7 Rd8 32. h4 Kf4 33. Ne6+
1-0

[Event "Challenge"]
[Site "http://www.queenalice.com/game.php?id=482296"]
[Date "2008.10.24"]
[Round "-"]
[White "mesmo"]
[Black "lifelessons"]
[Result "0-1"]
[WhiteElo "1513"]
[BlackElo "1784"]

1. e4 e5 2. Nc3 Bb4 3. Nf3 d6 4. d4 Ne7 5. Bd2 O-O 6. Bc4 Bg4 7. O-O Nbc6 8. Bg5
Nxd4 9. Nd5 Ndc6 10. Bb5 Re8 11. Bxc6 bxc6 12. Nxe7+ Rxe7 13. Bxe7 Qxe7 14. Qd3
Ba5 15. h4 Qf6 16. Qb3 Bb6 17. Ng5 h6 18. Nf3 Bxf3 19. Qxf3 Qxh4 20. Rad1 Rf8
21. Qf5 a5 22. Rd3 Qe7 23. a4 f6 24. c3 Qf7 25. g3 g6 26. Qh3 Kh7 27. b4 c5 28.
bxc5 Bxc5 29. Rb1 Bb6 30. c4 Qxc4 0-1